<?xml version="1.0" encoding="UTF-8"?>
<record
    xmlns:xsi="http://www.w3.org/2001/XMLSchema-instance"
    xsi:schemaLocation="http://www.loc.gov/MARC21/slim http://www.loc.gov/standards/marcxml/schema/MARC21slim.xsd"
    xmlns="http://www.loc.gov/MARC21/slim">

  <leader>01062nam a22002897a 4500</leader>
  <controlfield tag="005">20240530110430.0</controlfield>
  <controlfield tag="008">150330s2005    su o   f      000 0 ara d</controlfield>
  <datafield tag="017" ind1=" " ind2=" ">
    <subfield code="a">1426/4627</subfield>
    <subfield code="b">&#x627;&#x644;&#x633;&#x639;&#x648;&#x62F;&#x64A;&#x629; . &#x645;&#x643;&#x62A;&#x628;&#x629; &#x627;&#x644;&#x645;&#x644;&#x643; &#x641;&#x647;&#x62F;</subfield>
  </datafield>
  <datafield tag="020" ind1=" " ind2=" ">
    <subfield code="a">9960407950</subfield>
  </datafield>
  <datafield tag="020" ind1=" " ind2=" ">
    <subfield code="a">0237524007</subfield>
  </datafield>
  <datafield tag="040" ind1=" " ind2=" ">
    <subfield code="a">EG-CaGPL</subfield>
  </datafield>
  <datafield tag="082" ind1="0" ind2="4">
    <subfield code="2">21</subfield>
    <subfield code="a">612</subfield>
    <subfield code="b">&#x637;/&#x62C; &#x62C;</subfield>
  </datafield>
  <datafield tag="100" ind1="1" ind2=" ">
    <subfield code="a">&#x62C;&#x627;&#x646;&#x64A;&#x631;&#x649; &#x60C; &#x627;&#x646;&#x64A;&#x62A;&#x627;</subfield>
    <subfield code="q">&#x627;&#x646;&#x64A;&#x62A;&#x627; &#x62C;&#x627;&#x646;&#x64A;&#x631;&#x649;</subfield>
  </datafield>
  <datafield tag="245" ind1="1" ind2="0">
    <subfield code="a">&#x62D;&#x631;&#x643; &#x62C;&#x633;&#x645;&#x643; /</subfield>
    <subfield code="c">&#x627;&#x646;&#x64A;&#x62A;&#x627; &#x62C;&#x627;&#x646;&#x64A;&#x631;&#x649; &#x61B; &#x645;&#x631;&#x643;&#x632; &#x627;&#x644;&#x62A;&#x639;&#x631;&#x64A;&#x628; &#x648;&#x627;&#x644;&#x62A;&#x631;&#x62C;&#x645;&#x629; &#x628;&#x645;&#x643;&#x62A;&#x628;&#x629; &#x627;&#x644;&#x639;&#x628;&#x64A;&#x643;&#x627;&#x646;</subfield>
  </datafield>
  <datafield tag="250" ind1=" " ind2=" ">
    <subfield code="a">&#x637;1</subfield>
  </datafield>
  <datafield tag="260" ind1=" " ind2=" ">
    <subfield code="a">&#x627;&#x644;&#x631;&#x64A;&#x627;&#x636; :</subfield>
    <subfield code="b">&#x645;&#x643;&#x62A;&#x628;&#x629; &#x627;&#x644;&#x639;&#x628;&#x64A;&#x643;&#x627;&#x646; &#x60C;</subfield>
    <subfield code="c">2005</subfield>
  </datafield>
  <datafield tag="300" ind1=" " ind2=" ">
    <subfield code="a">23 &#x635; :</subfield>
    <subfield code="b">&#x635;&#x648;&#x631; &#x644;&#x648; &#x61B;</subfield>
    <subfield code="c">30 &#x633;&#x645;</subfield>
  </datafield>
  <datafield tag="490" ind1="0" ind2=" ">
    <subfield code="a">&#x62C;&#x633;&#x645; &#x627;&#x644;&#x627;&#x646;&#x633;&#x627;&#x646;</subfield>
  </datafield>
  <datafield tag="650" ind1="0" ind2="4">
    <subfield code="a">&#x62C;&#x633;&#x645; &#x627;&#x644;&#x627;&#x646;&#x633;&#x627;&#x646;</subfield>
  </datafield>
  <datafield tag="650" ind1="0" ind2="4">
    <subfield code="a">&#x627;&#x644;&#x627;&#x637;&#x641;&#x627;&#x644;</subfield>
    <subfield code="x">&#x62A;&#x639;&#x644;&#x64A;&#x645;</subfield>
  </datafield>
  <datafield tag="650" ind1="0" ind2="4">
    <subfield code="a">&#x627;&#x644;&#x647;&#x64A;&#x643;&#x644; &#x627;&#x644;&#x639;&#x638;&#x645;&#x649;</subfield>
  </datafield>
  <datafield tag="650" ind1="0" ind2="4">
    <subfield code="a">&#x627;&#x644;&#x62D;&#x631;&#x643;&#x629;</subfield>
  </datafield>
  <datafield tag="650" ind1="0" ind2="4">
    <subfield code="a">&#x627;&#x644;&#x639;&#x636;&#x644;&#x627;&#x62A;</subfield>
  </datafield>
  <datafield tag="710" ind1="2" ind2=" ">
    <subfield code="a">&#x645;&#x631;&#x643;&#x632; &#x627;&#x644;&#x62A;&#x639;&#x631;&#x64A;&#x628; &#x648;&#x627;&#x644;&#x62A;&#x631;&#x62C;&#x645;&#x629; &#x628;&#x645;&#x643;&#x62A;&#x628;&#x629; &#x627;&#x644;&#x639;&#x628;&#x64A;&#x643;&#x627;&#x646;</subfield>
    <subfield code="e">&#x645;&#x62A;&#x631;&#x62C;&#x645;</subfield>
  </datafield>
  <datafield tag="942" ind1=" " ind2=" ">
    <subfield code="2">ddc</subfield>
    <subfield code="c">BK</subfield>
  </datafield>
  <datafield tag="999" ind1=" " ind2=" ">
    <subfield code="c">60825</subfield>
    <subfield code="d">60825</subfield>
  </datafield>
  <datafield tag="952" ind1=" " ind2=" ">
    <subfield code="0">0</subfield>
    <subfield code="1">0</subfield>
    <subfield code="4">0</subfield>
    <subfield code="7">0</subfield>
    <subfield code="a">CAI</subfield>
    <subfield code="b">CAI</subfield>
    <subfield code="d">2015-03-30</subfield>
    <subfield code="l">0</subfield>
    <subfield code="o">612 &#x637;/&#x62C; &#x62C;</subfield>
    <subfield code="p">159990</subfield>
    <subfield code="r">2015-03-30 00:00:00</subfield>
    <subfield code="w">2015-03-30</subfield>
    <subfield code="y">BK</subfield>
  </datafield>
</record>
